Online Marketing: (Record no. 157497)

MARC details
000 -LEADER
fixed length control field 00674nam a22002177a 4500
003 - CONTROL NUMBER IDENTIFIER
control field dpl
005 - DATE AND TIME OF LATEST TRANSACTION
control field 20180914164206.0
008 - FIXED-LENGTH DATA ELEMENTS--GENERAL INFORMATION
fixed length control field 180914b xxu||||| |||| 00| 0 eng d
010 ## - LIBRARY OF CONGRESS CONTROL NUMBER
LC control number B-219948
020 ## - INTERNATIONAL STANDARD BOOK NUMBER
International Standard Book Number 8177080970
Terms of availability 640.00
035 ## - SYSTEM CONTROL NUMBER
System control number B-219948
040 ## - CATALOGING SOURCE
Original cataloging agency DPL
Language of cataloging EN
Transcribing agency 0
082 ## - DEWEY DECIMAL CLASSIFICATION NUMBER
Classification number 380.1
Item number VAR
100 ## - MAIN ENTRY--PERSONAL NAME
Personal name Varma, Gaytri
245 ## - TITLE STATEMENT
Title Online Marketing:
Remainder of title Principles and current practices /
Statement of responsibility, etc by Gaytri Varma
260 ## - PUBLICATION, DISTRIBUTION, ETC. (IMPRINT)
Place of publication, distribution, etc New Delhi
Name of publisher, distributor, etc New century publication
270 ## - ADDRESS
Address 4800/24, Bharat ram ansari road darya ganj
City New Delhi
Postal code 110009
300 ## - PHYSICAL DESCRIPTION
Extent 314p.:
Dimensions 20cm
500 ## - GENERAL NOTE
General note Include Index and bibliography
942 ## - ADDED ENTRY ELEMENTS (KOHA)
Source of classification or shelving scheme Dewey Decimal Classification
Koha item type English Books
Classification part 380.1
Call number suffix VAR
Holdings
Withdrawn status Lost status Source of classification or shelving scheme Damaged status Not for loan Collection code Home library Current library Date acquired Source of acquisition Cost, normal purchase price Total Checkouts Full call number Barcode Date last seen Cost, replacement price Price effective from Koha item type Date checked out
    Dewey Decimal Classification     Non-fiction Patel Nagar Patel Nagar 14/09/2018 BPPD/PUB 640.00   380.1 VAR B-219948 14/09/2018 640.00 14/09/2018 English Books  
    Dewey Decimal Classification     Non-fiction Sarojini Nagar Sarojini Nagar 11/02/2019     1 380.1 VAR B-219957 10/06/2019   11/02/2019 English Books 27/05/2019
    Dewey Decimal Classification     Non-fiction Sarojini Nagar Sarojini Nagar 11/02/2019     1 380.1 VAR B-219954 14/08/2021   11/02/2019 English Books 12/07/2021

© Delhi Public Library
Hit Counter
free hit counter